| 000 | 01219aam a2200373 i 4500 | ||
|---|---|---|---|
| 001 | 1523189849 | ||
| 003 | Ingram | ||
| 005 | 20260401123631.0 | ||
| 007 | t| | ||
| 008 | 251114s2026 nyu d 000 1 eng d | ||
| 010 | _a 2025013612 | ||
| 020 |
_a9781665974370 _qhardcover |
||
| 035 | _a(OCoLC)1523189849 | ||
| 040 |
_aTnLvILS _beng _erda _cTnLvILS _dTnLvILS |
||
| 100 | 1 |
_aJean, Emiko, _eauthor. _4aut. _938528 |
|
| 245 | 1 | 0 |
_aLove me tomorrow / _cEmiko Jean. |
| 250 | _aFirst edition. | ||
| 300 |
_a346 pages ; _c22 cm. |
||
| 490 | 0 | _aLove me tomorrow. | |
| 500 | _a"A novel"--Jacket. | ||
| 520 | _aWhen seventeen-year-old Emma wishes for proof that love is real, she starts receiving letters from her true love in the future and attempts to uncover the identity of the sender in the past. | ||
| 521 | 1 | _a13-17. | |
| 521 | 2 | _a08-12. | |
| 650 | 0 |
_aTime travel _vJuvenile fiction. _9386 |
|
| 650 | 0 |
_aLetters _vJuvenile fiction. |
|
| 650 | 0 |
_aLove _vJuvenile fiction. _922109 |
|
| 650 | 1 |
_aLove _vFiction. |
|
| 650 | 1 |
_aLetters _vFiction. |
|
| 650 | 1 |
_aTime travel _vFiction. |
|
| 655 | 7 |
_aRomance fiction. _2lcgft. |
|
| 655 | 7 |
_aScience fiction. _2lcgft. |
|
| 907 | _a.b514928323 | ||
| 942 |
_2ddc _cBK |
||
| 999 |
_c129579 _d129579 |
||